Ubungen zur Gasdynamik ; 255 Aufgaben nebst Losungen mit einer Sammlung von Formeln und Tabellen /

Bibliographic Details
Main Author: Oswatitsch, Klaus
Other Authors: Schwarzenberger, Rudolf
Format: Book
Language:German
Published: Wien : Springer, 1963.
Subjects:

MARC

Tag First Indicator Second Indicator Subfields
LEADER 00000cam a2200000 4500
001 in00000045959
005 20151007065242.0
008 790515s1963 gw a 00010 ger
010 |a  64003692  
035 |a (OCoLC)04966866 
035 |9 AAE1610AM 
040 |a DLC  |c SCW  |d TXA  |d UtOrBLW 
049 |a TXAM  |c [400754] 
050 0 |a QC168  |b .O8 
092 |a 533.9  |b O86u, 1963 
100 1 |a Oswatitsch, Klaus. 
245 1 0 |a Ubungen zur Gasdynamik ;  |b 255 Aufgaben nebst Losungen mit einer Sammlung von Formeln und Tabellen /  |c von Klaus Oswatitsch und Rudolf Schwarzenberger. 
264 1 |a Wien :  |b Springer,  |c 1963. 
300 |a x, 180 pages :  |b illustrations, diagrams, tables. ;  |c 26 cm. 
336 |a text  |b txt  |2 rdacontent 
337 |a unmediated  |b n  |2 rdamedia 
338 |a volume  |b nc  |2 rdacarrier 
500 |a Errata slip inserted. 
650 0 |a Gas dynamics  |x Problems, exercises, etc. 
700 1 |a Schwarzenberger, Rudolf. 
999 |a MARS 
999 f f |s 20a5f86b-44b3-3f9e-8e2d-5cea8b2d803d  |i ffed3ada-2e12-3f47-99dc-393fa34b3c96  |t 0 
952 f f |p ric  |a Texas A&M University  |b Rellis Campus  |c Joint Library Facility  |d Remote Storage  |t 0  |e QC168 .O8  |h Library of Congress classification  |i unmediated -- volume  |m A14800915634 
998 f f |a QC168 .O8  |t 0  |l Remote Storage